| 000 | 00475nam a22001937a 4500 | ||
|---|---|---|---|
| 005 | 20260218150031.0 | ||
| 008 | 260218b |||||||| |||| 00| 0 eng d | ||
| 020 |
_a9789353502263 _c455.00 |
||
| 040 | _aMAIN | ||
| 041 | _aEnglish | ||
| 082 |
_a658 _bGAN |
||
| 100 |
_aGanguly, Atreyee _926327 |
||
| 245 | _aPrinciples of Management | ||
| 260 |
_aAustralia _bCengage _c2025 |
||
| 300 | _a144 | ||
| 650 | _aManagement | ||
| 700 |
_aBhadury, Joyeta _926328 |
||
| 942 | _cBK | ||
| 999 |
_c60382 _d60382 |
||